دراسة ما روي عن عثمان في شأن لحن القرآن / (Record no. 127952)

MARC details
000 -الفاتح
عناصر البيانات ثابتة الطول 00780cam a2200205 i 4500
005 - تاريخ ووقت آخر معاملة
حقل ضبط 20251124104037.0
008 - عناصر البيانات ثابتة الطول
عناصر البيانات ثابتة الطول 250721s2012 jo gr 000 0 ara d
020 ## - الترقيم الدولي المعياري للكتب (ردمك)
الترقيم الدولي المعياري للكتب (ردمك) 9789957232269
082 14 - رقم تصنيف ديوي العشري
رقم التصنيف 211.5
رقم المادة ح س ا
100 1# - مدخل رئيسي – اسم شخصي
الاسم الشخصي أبو حسان، جمال محمود
علاقة الشخص بالعمل/ دوره مؤلف.
245 10 - بيان العنوان
العنوان دراسة ما روي عن عثمان في شأن لحن القرآن /
بيان المسؤولية بقلم الدكتور جمال محمود ابوحسان.
250 ## - بيان الطبعة
بيان الطبعة الطبعة الاولى.
264 31 - بيانات النشر، التوزيع…إلخ
مكان النشر، التوزيع...إلخ عمان :
اسم الناشر، الموزع...إلخ دار الفتح للدراسات والنشر،
تاريخ النشر، التوزيع...إلخ 2012.
300 ## - الوصف المادي
عدد الوحدات المكونة للوعاء 80 صفحة.
650 17 - مدخل إضافي بالموضوع - مصطلح موضوعي
مصطلح موضوعي أو اسم جغرافي كعنصر مدخل القرآن الكريم.
650 17 - مدخل إضافي بالموضوع - مصطلح موضوعي
مصطلح موضوعي أو اسم جغرافي كعنصر مدخل قراءات القرآن السبع.
653 ## - رأس موضوع – غير مقيد
المصطلح / رأس الموضوع غير المقيد جمع القرآن وترتيبه
942 ## - بيانات إضافية (كوها)
نوع التنصيف Dewey Decimal Classification
نوع المادة (كوها) Books
Holdings
حالة السحب حالة الفقدان مصدر التصنيف حالة التلف غير قابل للإعارة المكتبة الرئيسية المكتبة الحالية موقع الرف تاريخ التزويد الرقم المتسلسل Total Checkouts رقم الإستدعاء الباركود تاريخ آخر ظهور تاريخ الفاتورة نوع المادة (كوها)
    Dewey Decimal Classification     المكتبة المركزية المكتبة المركزية الإعارة 28/07/2025 1558513   211.5 / ح س ا PLD00288162 28/07/2025 28/07/2025 Books
    Dewey Decimal Classification     مكتبة حمزة العامة مكتبة حمزة العامة الإعارة 30/11/2013 1558515   211.5/حسا PLD00288515 28/07/2025 30/11/2013 Books
    Dewey Decimal Classification     مكتبة وادي السير العامة مكتبة وادي السير العامة الإعارة 30/11/2013 1558517   211.5/حسا PLD00288517 28/07/2025 30/11/2013 Books
    Dewey Decimal Classification     مكتبةمؤتة مكتبةمؤتة الإعارة 30/11/2013 1558516   211.5/حسا PLD00288516 28/07/2025 30/11/2013 Books
Implemented & Customized by: BBB with SCIT (Smart Chains for Information Technology)

Powered by Koha